000 00499cam a22001457a 4500
008 180718b1905 xxu||||| |||| 00| 0 eng d
082 _aA6x37 Sh91
100 _aShuckburgh, E.S.
245 _aAugustus: the life and times of the founder of the Roman empire
_cby E.S. Shuckburgh
260 _aLondon
_bT. Fisher Unwin
_c1905
300 _a318p.
650 _aRome --History --Augustus, 30 B.C.-14 A.D.
650 _aEmperors --Rome --Biography
650 _aAugustus, Emperor of Rome, 63 B.C.-14 A.D.
999 _c433794
_d433794